000 01135nam2a22002291 4500
001 v19\rc\1264405
005 20250618002525.0
035 _a(NLR Aleph) 004418023
090 _a4097230
_c4097230
100 _a20060306d1895 |||y0rusy50 ca
101 0 _arus
102 _aRU
105 _ay z |||||
200 0 _aс 1 сентября 1894 г. по 1 сентября 1895 года
210 _d1895
_aБ. м.
215 _a[2], 225 с.
461 0 _1001v19\rc\1264402
_12001#$aОтчет уездного агронома Вятского губернского земства по Яранскому уезду ...$vс 1 сентября 1894 г. по 1 сентября 1895 года$90
_94097195
_aЯранский уездный земский агроном
_cВятка
_d1893
_p26 с.
_tОтчет уездного агронома Вятского губернского земства по Яранскому уезду ...
_vс 1 сентября 1894 г. по 1 сентября 1895 года$90
801 0 _aRU
_bNLR
_gpsbo
801 1 _aRU
_bProSoft-M
_2rusmarc
852 _aNLR
_bЗем
_j10-11/О4
942 _cBOOK
980 _aNB